| 000 | 00504cam a2200145 4500500 | ||
|---|---|---|---|
| 005 | 20251228095016.0 | ||
| 041 | _afre | ||
| 042 | _adc | ||
| 100 | 1 | 0 |
_aLe Moing, Monique _eauthor |
| 245 | 0 | 0 | _aGilberto Mendonça Teles, Linear G (Poèmes 2002-2009), São Paulo, éditions Hedra, 2010, 150 pages |
| 260 | _c2013. | ||
| 500 | _a5 | ||
| 786 | 0 | _nSigila | 32 | 2 | 2013-10-01 | p. 191d-195d | 1286-1715 | |
| 856 | 4 | 1 | _uhttps://shs.cairn.info/revue-sigila-2013-2-page-191d?lang=fr&redirect-ssocas=7080 |
| 999 |
_c1605339 _d1605339 |
||